El ámbito de la motivación : (Record no. 207452)

MARC details
000 -CABECERA
campo de control de longitud fija 00762nam a2200241 a 4500
003 - IDENTIFICADOR DEL NÚMERO DE CONTROL
campo de control MX-MxUPN
005 - FECHA Y HORA DE LA ÚLTIMA TRANSACCIÓN
campo de control 20220923063522.0
008 - ELEMENTOS DE LONGITUD FIJA--INFORMACIÓN GENERAL
campo de control de longitud fija 200206s1979 mx a r 000 0 spa d
020 ## - NÚMERO INTERNACIONAL NORMALIZADO PARA LIBROS
Número Internacional Estándar del Libro 9684260369
035 ## - NÚMERO DE CONTROL DEL SISTEMA
Número de control de sistema UPN01000235357
040 ## - FUENTE DE LA CATALOGACIÓN
Centro catalogador/agencia de origen MX-MxUPN
Lengua de catalogación spa
Centro/agencia transcriptor MX-MxUPN
041 0# - CÓDIGO DE IDIOMA
Código de lengua del texto/banda sonora o título independiente spa
050 14 - SIGNATURA TOPOGRÁFICA DE LA BIBLIOTECA DEL CONGRESO
Número de clasificación BF683
Número de documento/Ítem M3.718
100 1# - ASIENTO PRINCIPAL--NOMBRE PERSONAL
Nombre de persona McTeer, Wilson
9 (RLIN) 43531
240 10 - TÍTULO UNIFORME
Título uniforme [The scope of motivation.
Lenguaje de la obra Español]
245 13 - MENCIÓN DE TÍTULO
Título El ámbito de la motivación :
Resto del título ambiental, fisiológica, mental, social /
Mención de responsabilidad, etc. Wilson McTeer ; tr. Pedro Rivera Ramírez.
260 ## - PUBLICACIÓN, DISTRIBUCIÓN, ETC.
Lugar de publicación, distribución, etc. México, D.F. :
Nombre del editor, distribuidor, etc. El Manual Moderno,
Fecha de publicación, distribución, etc. 1979.
300 ## - DESCRIPCIÓN FÍSICA
Extensión 303 páginas :
Otras características físicas ilustraciones
490 0# - MENCIÓN DE SERIE
Mención de serie Serie PC
650 #7 - ASIENTO SECUNDARIO DE MATERIA - TERMINO TEMATICO
Término de materia o nombre geográfico como elemento de entrada Motivación (Psicología)
Fuente del encabezamiento o término
9 (RLIN) 5909
905 ## - TIPO DE MATERIAL
Tipo de material Libro
Holdings
Estado de retiro Estado de pérdida Fuente del sistema de clasificación o colocación Estado dañado No para préstamo Código de colección Localización permanente Ubicación/localización actual Ubicación en estantería Fecha de adquisición Total de préstamos Clasificación Código de barras Fecha visto por última vez Fecha del último préstamo Tipo de ítem Koha
    Library of Congress Classification     Colección General Bib. Gregorio Torres Quintero Bib. Gregorio Torres Quintero Planta baja 22/02/2022 1 BF683 M3.718 334050 30/01/2023 16/01/2023 Libro